000 01168nas a2200313 i 4500
001 1756
003 ES-MaACL
005 20250814062554.0
007 t|
008 950801d19211936sp m| | 1 ||pa d
080 _a(460)
080 _a06
080 _a008
245 0 0 _aRevista de la Real Academia Hispanoamericana de Ciencias y Artes.
246 1 3 _aRevista hispanoamericana de ciencias, letras y artes
260 _aMadrid :
_bImp. de Angel Alcoy,
_c1921-1936.
300 _a11 v. :
_bgrab. ;
_c24 cm.
310 _aMensual
362 0 _aAño 1, nº 1 (abr. 1921) - año 2, nº 15 (1922) ; Año 3, nº 16 (ag. 1924) - nº 158 (jun. 1936)
500 _aNo se publicó de jul. 1922-jul. 1924.
547 _aDesde 1924 se titula: Revista hispanoamericana de ciencias, letras y artes.
650 4 _aInstituciones científicas y diversas
_913829
650 7 _aCultura
_2embne
_9170963
700 1 _aAcevedo, Juan B.,
_edir.
_9227622
710 0 0 _aReal Academia Hispanoamericana (Cádiz)
_96343
852 _aES-MaACL
_jHEM-H-338
_xHem-1531
_d
866 0 _o1921-22.1924(1925f.ene.y sep.)1926-32(1933f.en-ag)1934(1935f.jul.)1936.
999 _c1756
_d1756